Catálogo General de Centros Docentes 1993 (Record no. 9103)

MARC details
000 -LEADER
campo de control de longitud fija 00418nam a2200133Ia 4500
001 - NÚMERO DE CONTROL
campo de control 1942
008 - DATOS DE LONGITUD FIJA--INFORMACIÓN GENERAL
campo de control de longitud fija 241024s9999 xx 000 0 und d
082 ## - NÚMERO DE LA CLASIFICACIÓN DECIMAL DEWEY
Número de clasificación RD/370.97293/R426c/2008
100 ## - ENTRADA PRINCIPAL--NOMBRE DE PERSONA
Nombre de persona República Dominicana.Secretaría de Estado de Educación Bellas Artes y Cultos
245 #0 - MENCIÓN DEL TÍTULO
Título Catálogo General de Centros Docentes 1993
260 ## - PUBLICACIÓN, DISTRIBUCIÓN, ETC.
Nombre del editor, distribuidor, etc. Editora de Colores
Fecha de publicación, distribución, etc. 1993
901 ## - ELEMENTOS DE DATOS A LOCAL LDA (RLIN)
a 4/10/2011 3:30:08 p.m.

No items available.

© 2024. Todos los Derechos Reservados. Desarrollado por IDEICE